| 000 | 00605nam a2200193 i 4500 | ||
|---|---|---|---|
| 001 | 33811 | ||
| 003 | ES-MaACL | ||
| 005 | 20250830111223.0 | ||
| 007 | t| | ||
| 008 | 030203s1960 sp ||||1| spa d | ||
| 100 | 1 |
_aBlanchet, Emile. _929155 |
|
| 245 | 1 | 3 |
_aLa Iglesia de Dios / _cEmile Blanchet ; [traducción, Enrique Melón Martínez]. |
| 260 |
_aBilbao : _bDesclée de Brouwer, _c1960 ( _fEllacuria) |
||
| 300 |
_a181 p. ; _c17 cm. |
||
| 610 | 2 | 4 |
_aIglesia Católica _94639 |
| 700 | 1 |
_aMelón Martínez, Enrique. _980022 |
|
| 852 |
_aES-MaACL _jG-9661 _bR.47029 |
||
| 999 |
_c33811 _d33811 |
||